Mexico City (MEX) Airport Destinations Quiz Stats

 Plays Quiz not verified by Sporcle

Also try: Meat Geography!
Challenge
Share
Tweet
Embed
Score 0/107 Timer 20:00
0 Plays Today
Hint Answer % Correct
U.S. (Texas)Houston
98.1%
U.S. (Texas)Austin
98.1%
U.S. (Massachusetts)Boston
97.1%
U.S. (Texas)Dallas
97.1%
U.S. (Georgia)Atlanta
97.1%
NetherlandsAmsterdam
96.2%
U.S. (Illinois)Chicago
96.2%
U.S. (California)Los Angeles
95.2%
U.S. (Florida)Miami
95.2%
U.S. (California)San Francisco
95.2%
U.S. (Colorado)Denver
95.2%
ArgentinaBuenos Aires
94.2%
ColombiaBogota
94.2%
SpainMadrid
94.2%
U.K.London
94.2%
Costa RicaSan Jose
94.2%
PeruLima
93.3%
CubaHavana
93.3%
U.S. (Nevada)Las Vegas
93.3%
U.S. (New York)New York
93.3%
FranceParis
93.3%
Mexico (Quintana Roo)Cancun
93.3%
ItalyRome
93.3%
U.S. (Arizona)Phoenix
93.3%
U.S. (Michigan)Detroit
93.3%
U.S. (Texas)San Antonio
92.3%
U.S. (North Carolina)Charlotte
92.3%
PanamaPanama City
91.3%
EcuadorQuito
91.3%
Canada (Ontario)Toronto
91.3%
U.S. (Utah)Salt Lake City
91.3%
U.S. (Florida)Fort Lauderdale
91.3%
U.S. (New Jersey)Newark
91.3%
Canada (Quebec)Montreal
90.4%
U.S. (Florida)Orlando
89.4%
ChileSantiago
89.4%
Hint Answer % Correct
BrazilSao Paulo
89.4%
Canada (British Columbia)Vancouver
89.4%
GuatemalaGuatemala City
89.4%
GermanyFrankfurt
89.4%
El SalvadorSan Salvador
88.5%
ChinaShanghai
87.5%
GermanyMunich
87.5%
JapanTokyo
86.5%
Mexico (Jalisco)Guadalajara
84.6%
U.S. (California)Oakland
84.6%
NicaraguaManagua
83.7%
Dominican RepublicSanto Domingo
83.7%
U.S. (California)Sacramento
81.7%
Mexico (Veracruz)Veracruz
80.8%
Mexico (Oaxaca)Oaxaca
79.8%
ColombiaMedellin
79.8%
Mexico (Nuevo Leon)Monterrey
78.8%
Mexico (Chihuahua)Chihuahua
77.9%
Mexico (Guerrero)Acapulco
76%
Mexico (Baja California)Tijuana
75%
Mexico (Aguascalientes)Aguascalientes
74%
Mexico (Durango)Durango
74%
U.S. (California)Fresno
73.1%
U.S. (N/A)Washington D.C.
72.1%
Mexico (Campeche)Campeche
71.2%
Mexico (Guanajuato)Leon
69.2%
Mexico (San Luis Potosi)San Luis Potosi
67.3%
HondurasSan Pedro Sula
66.3%
Mexico (Queretaro)Queretaro
65.4%
Mexico (Quintana Roo)Cozumel
64.4%
Mexico (Zacatecas)Zacatecas
63.5%
Mexico (Jalisco)Puerto Vallarta
61.5%
Mexico (Yucatan)Merida
60.6%
Mexico (Chihuahua)Ciudad Juarez
60.6%
Mexico (Sinaloa)Mazatlan
55.8%
Mexico (Baja California Sur)Los Cabos
55.8%
Hint Answer % Correct
U.S. (California)Orange County
54.8%
Mexico (Sonora)Hermosillo
52.9%
Mexico (Baja California)Mexicali
49%
Mexico (Baja California Sur)La Paz
48.1%
Mexico (Guerrero)Ixtapa
47.1%
U.S. (Texas)McAllen
47.1%
Mexico (Michoacan)Morelia
46.2%
Mexico (Sinaloa)Culiacan
44.2%
CubaVaradero
44.2%
Mexico (Tabasco)Villahermosa
41.3%
Mexico (Coahuila)Torreon
41.3%
Mexico (Colima)Manzanillo
37.5%
Mexico (Coahuila)Saltillo
36.5%
Mexico (Tamaulipas)Matamoros
35.6%
Mexico (Tamaulipas)Reynosa
34.6%
Mexico (Oaxaca)Huatulco
33.7%
Mexico (Tamaulipas)Nuevo Laredo
33.7%
Mexico (Tamaulipas)Tampico
33.7%
Mexico (Chiapas)Tuxtla Gutierrez
30.8%
Mexico (Quintana Roo)Chetumal
30.8%
CubaSanta Clara
30.8%
Mexico (Sonora)Ciudad Obregon
28.8%
Mexico (Nayarit)Tepic
27.9%
Mexico (Campeche)Ciudad del Carmen
26.9%
Mexico (Sinaloa)Los Mochis
26.9%
Mexico (Tamaulipas)Ciudad Victoria
26%
Mexico (Oaxaca)Puerto Escondido
26%
Mexico (Veracruz)Xalapa
24%
Mexico (Veracruz)Poza Rica
23.1%
Mexico (Chiapas)Tapachula
22.1%
Mexico (Coahuila)Piedras Negras
21.2%
Mexico (Chiapas)Palenque
20.2%
Mexico (Veracruz)Minatitlan
19.2%
Mexico (Michoacan)Lazaro Cardenas
17.3%
Mexico (Colima)Colima City
6.7%

You're not logged in!

Compare scores with friends on all Sporcle quizzes.
OR
Log In

You Might Also Like...

Show Comments

Extras

Top Quizzes Today


Score Distribution

Your Account Isn't Verified!

In order to create a playlist on Sporcle, you need to verify the email address you used during registration. Go to your Sporcle Settings to finish the process.

Report this User

Report this user for behavior that violates our Community Guidelines.

Details: